| Tag |
First Indicator |
Second Indicator |
Subfields |
| LEADER |
00000cam a2200000La 4500 |
| 001 |
in00001008317 |
| 005 |
20150927222633.0 |
| 007 |
he amb024baca |
| 007 |
he umb---buca |
| 008 |
820309r19811977ncua b 00010 eng d |
| 035 |
|
|
|a (OCoLC)16788577
|
| 035 |
|
|
|9 AFD9844AM
|
| 037 |
|
|
|a CL0091000001
|b University Microfilms International
|
| 037 |
|
|
|b University Microfilms International, 300 N. Zeeb Rd., Ann Arbor, MI 48106
|
| 040 |
|
|
|a UMI
|c UMI
|d UtOrBLW
|
| 049 |
|
|
|a TXAI
|
| 099 |
|
|
|a fiche
|a S
|a 104
|a ALT 190
|
| 100 |
1 |
|
|a Parker, Blaine F.
|
| 245 |
1 |
0 |
|a Multiple fin solar energy receiver for line focusing collectors /
|c by B.F. Parker.
|
| 264 |
|
1 |
|a St. Joseph, Mich. :
|b American Society of Agricultural Engineers,
|c [1977?]
|
| 300 |
|
|
|a 11 pages :
|b illustrations ;
|c 28 cm.
|
| 336 |
|
|
|a text
|b txt
|2 rdacontent
|
| 337 |
|
|
|a microform
|b h
|2 rdamedia
|
| 338 |
|
|
|a microfiche
|b he
|2 rdacarrier
|
| 490 |
1 |
|
|a Paper / American Society of Agricultural Engineers ;
|v no. 77-4534
|
| 500 |
|
|
|a "For presentation at the 1977 winter meeting American Society of Agricultural Engineers."
|
| 504 |
|
|
|a Bibliography: page 8.
|
| 533 |
|
|
|a Microfiche.
|b Sanford, N.C. :
|c Microfilming Corp. of America,
|d 1981.
|e 1 sheet ; 11 x 15 cm.
|f (Energy and agriculture ; ALT 190)
|
| 500 |
|
|
|a Microform.
|
| 650 |
|
0 |
|a Solar collectors.
|
| 650 |
|
0 |
|a Solar heating.
|
| 710 |
2 |
|
|a American Society of Agricultural Engineers.
|
| 830 |
|
0 |
|a Paper (American Society of Agricultural Engineers) ;
|v no. 77-4534.
|
| 830 |
|
0 |
|a Energy and agriculture ;
|v ALT 190.
|
| 999 |
|
|
|a MARS
|
| 999 |
f |
f |
|s f3cda8c6-bd84-3c19-995d-59ee5cf1701c
|i 2351f025-0fb6-3a01-83d5-05c8b03f8a38
|t 0
|
| 952 |
f |
f |
|p default
|a Texas A&M University
|b College Station
|c Sterling C. Evans Library
|d Evans: Microforms (3rd floor)
|t 0
|e fiche S 104 ALT 190
|h Other scheme
|i microform -- microfiche
|
| 998 |
f |
f |
|a fiche S 104 ALT 190
|t 0
|l Evans: Microforms (3rd floor)
|